James Marriott - Romanticise This -- Lyrics - Statistics

General Stats
  • This quiz has been taken 25 times
  • The average score is 121 of 156
Answer Stats
Answer % Correct
I
100%
forbid
92%
go
92%
God
92%
romanticise
92%
that
92%
That
92%
the
92%
The
92%
this
92%
This
92%
to
92%
To
92%
A
85%
is
85%
last
85%
you
85%
alone
77%
It
77%
It's
77%
know
77%
let
77%
now
77%
old
77%
phone
77%
Pick
77%
pick
77%
same
77%
story
77%
time?"
77%
time
77%
up
77%
you're
77%
And
69%
eye
69%
in
69%
look
69%
when
69%
If
62%
my
62%
She
62%
call
54%
insist
54%
kiss
54%
me
54%
more
54%
one
54%
said,
54%
slowly
54%
start
54%
won't
54%
"Won't
54%
against
46%
bitter
46%
decline
46%
delay
46%
Don't
46%
hold
46%
only
46%
pretend
46%
push
46%
lie
38%
right
38%
see
38%
serves
38%
No matching quizzes found
Score Distribution
Percent of People with Each Score
Percentile by Number Answered
Your Score History
You have not taken this quiz